00439nam a22001577a 4500003000400000020001500004082002000019245004400039260004500083300001000128440004500138546001200183650003600195650003400231700001600265OSt a0521215196 a595.796bBRI/PR aProduction ecology of ants and termites aLondonbCambridge university pressc1978 a409p. aInternational Biological ProgrammevV.13 aEnglish aProduction by ants and termites aNutrient dynamics of termites aBrian, M V